000 00560nam a2200181Ia 4500
005 20250508152816.0
008 008 250505s9999 xx 000 0 hin d
037 _aTextual
040 _aFEDL
_beng
_cFEDL
041 _ahin
_2eng
084 _a323.2, SIN
_qFEDL
100 _aSinhal Madan Gopal
_9762440
245 0 _aKrantikari balak : Bharat ki swatantrata ke liye fansi ke doori chumane wale balko ki gathe
260 _aMeerut, India
_bGopal Prakashan
_c1958
300 _a32p.
942 _cTEXL
_h323.2, SIN
999 _c1338883
_d1338883